000
00211 a2200097 4500
001
25352
100
_a
Booth, A D
245
_a
Digital Computers in Action
260
_a
_b
Pergamon
_c
1965
090
_c
17113
_d
17113
942
_a
NUST-CAE
_c
M
_c
7907
999
_c
260425
_d
260425